| 000 | 00312cam a22001211i 4500 | ||
|---|---|---|---|
| 040 | _cA | ||
| 082 | _a944 NAG 1950 A114 Or. | ||
| 100 | 2 | _aBernard-Derosne, Sabine, | |
| 245 | 1 | 0 |
_aHistoire de Paris, _bracontée aux enfants / |
| 260 |
_aParis : _bNagel, _cc1950. |
||
| 300 |
_a196 p. : _bill. ; _c22 cm. |
||
| 942 | _cFB | ||
| 999 |
_c16727 _d16727 |
||